| 000 | 00434nam a22001577a 4500 | ||
|---|---|---|---|
| 999 |
_c12484 _d12484 |
||
| 008 | 210203b ||||| |||| 00| 0 eng d | ||
| 082 | 0 | 0 |
_a620.00222 _bB5755 |
| 100 |
_91437 _aBhatt, N. D. |
||
| 245 | 1 | 0 |
_aElementary engineering drawing. [Plane and solid geometry] _cby N. D. Bhatt, |
| 250 | _a8th ed. | ||
| 260 |
_aBombay _bCharotar _c1970 |
||
| 300 | _axv, 542p. | ||
| 365 | _d15.00 | ||
| 650 | 0 | _aMechanical Drawing | |
| 942 | _cBK | ||